यथासंभव : (Record no. 112424)

MARC details
000 -LEADER
fixed length control field 01125nam a22002537a 4500
005 - DATE AND TIME OF LATEST TRANSACTION
control field 20170124102938.0
010 ## - LIBRARY OF CONGRESS CONTROL NUMBER
LC control number A-829708
020 ## - INTERNATIONAL STANDARD BOOK NUMBER
Terms of availability 165.00
035 ## - SYSTEM CONTROL NUMBER
System control number A-829708
037 ## - SOURCE OF ACQUISITION
Source of stock number/acquisition Cen Lib/Ret
040 ## - CATALOGING SOURCE
Original cataloging agency DPL
Language of cataloging HN
082 ## - DEWEY DECIMAL CLASSIFICATION NUMBER
Classification number 827
Item number जोशीश
100 ## - MAIN ENTRY--PERSONAL NAME
Personal name जोशी, शरद
9 (RLIN) 47378
245 ## - TITLE STATEMENT
Title यथासंभव :
Statement of responsibility, etc शरद जोशी
Remainder of title चुने हुए 100 व्यंग खेल /
246 ## - VARYING FORM OF TITLE
Title proper/short title Yathasambhav : chune hue 100 vyang khel /
Remainder of title by Sharad Joshi
260 ## - PUBLICATION, DISTRIBUTION, ETC. (IMPRINT)
Place of publication, distribution, etc नई दिल्ली
Name of publisher, distributor, etc भारतीय ज्ञानपीठ प्रकाशन
Date of publication, distribution, etc 2001
270 ## - ADDRESS
City नई दिल्ली
Address इन्स्तितुतिओनल एरिया, लोधी रोड
Postal code 110003
300 ## - PHYSICAL DESCRIPTION
Extent 423पृ.
Dimensions 20सेमी(सजिल्द)
650 ## - SUBJECT ADDED ENTRY--TOPICAL TERM
Topical term or geographic name as entry element हिन्दी साहित्य
9 (RLIN) 47379
650 ## - SUBJECT ADDED ENTRY--TOPICAL TERM
Topical term or geographic name as entry element हिन्दी साहित्य -- कहानियां
9 (RLIN) 47380
650 ## - SUBJECT ADDED ENTRY--TOPICAL TERM
Topical term or geographic name as entry element Hindi literature
9 (RLIN) 47381
650 ## - SUBJECT ADDED ENTRY--TOPICAL TERM
Topical term or geographic name as entry element Hindi literature -- Stories
9 (RLIN) 47382
942 ## - ADDED ENTRY ELEMENTS (KOHA)
Source of classification or shelving scheme Dewey Decimal Classification
Koha item type Hindi Books
Classification part 827
Call number suffix जोशीश
Holdings
Withdrawn status Lost status Damaged status Not for loan Home library Current library Date acquired Source of acquisition Cost, normal purchase price Total Checkouts Total Renewals Full call number Barcode Date last seen Date checked out Copy number Cost, replacement price Price effective from Koha item type
        Central Library Central Library 08/08/2015 Cen Lib/Ret 165.00 2 4 827 जोशीश A-829708 19/11/2020 08/10/2020 1 165.00 08/08/2015 Hindi Books

© Delhi Public Library
Hit Counter
free hit counter